000
00329nam a2200133Ia 4500
008
191201s2010 xx 000 0 und d
100
_a
BLANCHARD, Kenneth
245
0
_a
One Minute Manager
250
_a
38th IMP
260
_a
London
_b
Harper Collins Publishers London
_c
2010
300
_a
2010
650
_a
BBA
942
_2
ddc
_c
BK
999
_c
4489
_d
4489